00572nam a2200193Ia 4500003000400000005001700004008004100021040000700062041000800069082001700077100003100094245001400125260004600139300000900185650002200194942001300216999001900229952013000248OSt20250829101559.0250729s2005 xx 000 0 und d cAL aeng a372.372 PICB aPickering Luciemne9222309 aBoys talk aMumbaibBetter Yourself Publicationc2005 a118p aEducation9222310 2ddccBED c235402d235402 00104070aALbALd2025-07-29eSita Book Houseg35.00l0o372.372 PICBpBED00721r2025-07-29 16:53:58v35.00w2025-07-29yBK